| 000 | 00549nam a22001577a 4500 | ||
|---|---|---|---|
| 005 | 20231129125119.0 | ||
| 008 | 231129b |||||||| |||| 00| 0 eng d | ||
| 041 | _aEnglish | ||
| 082 | _a340.06 ROL | ||
| 100 |
_aPF Mucavele _lEnglish |
||
| 245 |
_aThe Role of Lawyers in NEPAD and the Opportunities Presented b Agreement for Strengthening the Rule of Law and Good Governance / _cMucavele, PF |
||
| 260 |
_aMalawi : _c2003 |
||
| 300 |
_b13 pages ; _c30,4 cm. |
||
| 650 |
_aLegal practice _bLaw |
||
| 942 |
_cBK _6ALISON_BN_VRIES |
||
| 999 |
_c1048 _d1048 |
||